000 01488cam a22003857a 4500
003 CHAP
005 20220329142405.0
008 001110d2000 mx a r 00110 spa d
010 _a82785
011 _a83757
035 _a94273
040 _cCHAP
090 _aTesis
100 0 0 _aOrtega Villatoro, Cruz Marina.
_983895
245 1 0 _aCaracterización agronómica de materiales genéticos de jitomate silvestre (Lycopersicon spp) en agricultura orgánica, Chapingo, México
_c/por Cruz Marina Ortega Villatoro y Alejandro Rodríguez Ortega
260 _aChapingo, Méx. :
_bEl autor,
_c2000.
300 _a83 h. :
_bilus.
502 _aTesis (Ing. Agr. Esp. en Parasitología Agrícola) -- UACH. Departemento de Parasitología Agricola
590 _aALEPH
_b10
_c20130110
_lUCH01
_h1439
590 _aBATCH-UPD
_b10
_c20130110
_lUCH01
_h0404
590 _aBATCH-UPD
_b10
_c20130110
_lUCH01
_h2350
590 _aBATCH-UPD
_b10
_c20130410
_lUCH01
_h0038
590 _aBATCH-UPD
_b10
_c20130410
_lUCH01
_h1637
590 _aBATCH-UPD
_b10
_c20130913
_lUCH01
_h2230
590 _aCONVERSION
_b10
_c20130109
_lUCH01
_h1346
650 1 4 _aAgricultura orgánica.
_92005
650 1 4 _aTomate
_xMejoramiento.
_9113737
650 1 4 _aTomate
_xRendimiento.
_9113761
700 0 _aRodríguez Ortega, Alejandro.
_998757
901 _aBK
905 _aLilia Sánchez G.
942 _cFOLL
949 _bBC
_cTES
_d33724000804183
_eTS2
_fc.2
_h37404
_i94273
_si
949 _bBC
_cTES
_d942731
_eTS1
_h37403
_i94273
_sb
999 _c82785
_d82785